| Tag |
First Indicator |
Second Indicator |
Subfields |
| LEADER |
00000cam a2200000 a 4500 |
| 001 |
in00000030158 |
| 005 |
20151007060218.0 |
| 008 |
871202s1988 iau b s00110 eng |
| 010 |
|
|
|a 87035378
|
| 020 |
|
|
|a 0813802555
|
| 035 |
|
|
|a (OCoLC)17261665
|
| 035 |
|
|
|9 AAC0308AM
|
| 040 |
|
|
|a DLC
|c DLC
|d TXA
|d UtOrBLW
|
| 043 |
|
|
|a n-us---
|
| 049 |
|
|
|a TXAM
|c [A11693384]
|
| 050 |
0 |
0 |
|a E169.12
|b .S63 1988
|
| 082 |
0 |
|
|a 973.92
|2 19
|
| 100 |
1 |
|
|a Sochen, June,
|d 1937-
|
| 245 |
1 |
0 |
|a Cafeteria America :
|b new identities in contemporary life /
|c June Sochen.
|
| 250 |
|
|
|a 1st ed.
|
| 264 |
|
1 |
|a Ames :
|b Iowa State University Press,
|c 1988.
|
| 300 |
|
|
|a viii, 137 pages ;
|c 23 cm.
|
| 336 |
|
|
|a text
|b txt
|2 rdacontent
|
| 337 |
|
|
|a unmediated
|b n
|2 rdamedia
|
| 338 |
|
|
|a volume
|b nc
|2 rdacarrier
|
| 504 |
|
|
|a Bibliography: pages 131-133.
|
| 500 |
|
|
|a Includes index.
|
| 650 |
|
0 |
|a Popular culture
|z United States
|x History
|y 20th century.
|
| 651 |
|
0 |
|a United States
|x Civilization
|y 1970-
|
| 650 |
|
0 |
|a Women
|z United States
|x Social conditions.
|
| 650 |
|
0 |
|a Children
|z United States
|x Social conditions.
|
| 999 |
|
|
|a MARS
|
| 999 |
f |
f |
|s 2caa8935-a050-3c9f-b18f-e6f40a1915b6
|i 86107220-72f0-3482-a83c-4ea9c4ce2676
|t 0
|
| 952 |
f |
f |
|p ric
|a Texas A&M University
|b Rellis Campus
|c Joint Library Facility
|d Remote Storage
|t 0
|e E169.12 .S63 1988
|h Library of Congress classification
|i unmediated -- volume
|m A14811693384
|
| 998 |
f |
f |
|a E169.12 .S63 1988
|t 0
|l Remote Storage
|